| 000 | 00561nam a22001577a 4500 | ||
|---|---|---|---|
| 999 |
_c16290 _d16290 |
||
| 008 | 170131b xxu||||| |||| 00| 0 eng d | ||
| 020 | _a2880440092 | ||
| 040 |
_aKABU _cKABU |
||
| 050 |
_aHV568 _b.D84 1984 C.1 |
||
| 100 | _aDurand, Andr'e | ||
| 245 |
_aFrom Sarajevo to Hiroshima _bhistory of the international committee of the red cross _cby Andr'e Durand |
||
| 260 |
_aGeneva _bHenry Duant institute _c1984 |
||
| 300 | _a675 p. | ||
| 650 |
_aInternational committee of the red cross _vHistory |
||
| 942 |
_2lcc _cBK _hHV568 .D84 1984 C.1 |
||